English Counties by Anagram - Statistics

General Stats
  • This quiz has been taken 20 times
  • The average score is 11 of 18
Answer Stats
Hint Answer % Correct
shirk beer Berkshire
100%
sorted Dorset
100%
had rum Durham
100%
suet ass sex East Sussex
100%
Sexes Essex
100%
her mishap Hampshire
100%
cheesier litres Leicestershire
100%
off sulk Suffolk
100%
sulk off Suffolk
100%
burn motherland Northumberland
89%
all crown Cornwall
88%
relish wit Wiltshire
88%
dryish beer Derbyshire
83%
heirs shook yurt South Yorkshire
83%
whisk car wire Warwickshire
83%
shish roper Shropshire
82%
his cheer Cheshire
80%
sex stews us West Sussex
80%
bided or fresh Bedfordshire
75%
turn lad Rutland
75%
chestier rowers Worcestershire
75%
hustle groceries Gloucestershire
71%
alien crash Lancashire
67%
shorn irk theory North Yorkshire
67%
horrid foxes Oxfordshire
67%
affords theirs Staffordshire
67%
mere toss Somerset
60%
shaking cherubim Buckinghamshire
50%
mischarged brie Cambridgeshire
50%
drier fresh hoe Herefordshire
50%
horrid hefters Hertfordshire
50%
skewer history West Yorkshire
50%
histamine throng Nottinghamshire
45%
thornier phantoms Northamptonshire
43%
seed misery Merseyside
40%
greyish adroit foreskin East Riding of Yorkshire
29%
redolent organ Greater London
29%
tanned weary Tyne and Wear
29%
charter agreements Greater Manchester
20%
swindled mats West Midlands
20%
orbits coy lift City of Bristol
14%
tycoon in fold City of London
13%
foil weights Isle of Wight
0%
chill in snore Lincolnshire
0%
No matching quizzes found
Score Distribution
Percent of People with Each Score
Percentile by Number Answered
Your Score History
You have not taken this quiz